[Event "EU-chT (Men) 17th"]
[Site "Novi Sad"]
[Date "2009.10.26"]
[Round "5"]
[White "Meier, Georg"]
[Black "Wojtaszek, Radoslaw"]
[Result "1-0"]
[WhiteElo "2664"]
[BlackElo "2640"]
[Annotator "Meier,Georg"]
[PlyCount "89"]
[EventDate "2009.10.22"]
[EventType "team-swiss"]
[EventRounds "9"]
[EventCountry "YUG"]
[SourceTitle "CBM 133"]
[Source "ChessBase"]
[SourceDate "2009.11.19"]
[SourceVersion "1"]
[SourceVersionDate "2009.11.19"]
[SourceQuality "1"]
[WhiteTeam "Germany"]
[BlackTeam "Poland"]
[WhiteTeamCountry "GER"]
[BlackTeamCountry "POL"]

{This game against Anand's second for the match in Bonn was my best one in
Novi Sad, because although I was better, clearly better or even winning in 7
of my 8 games, I was actually only able to convert my advantages on two
occasions. In a certain way, this was symptomatic of the performance of the
whole team, because apart from Daniel Fridman none of the players was in good
form.  Die Partie gegen den Bonner Anand-Sekundanten war meine beste in Novi
Sad, denn obwohl ich in 7 meiner 8 Partien besser, klar besser oder auf Gewinn
stand, konnte ich meine Vorteile nur zweimal tatsächlich verwerten. In
gewisser Weise war das symptomatisch für die ganze Mannschaft, denn außer
Daniel Fridman war keiner der Spieler in guter Form.} 1. Nf3 Nf6 2. c4 e6 3. g3
d5 4. d4 {The advantage of White's move order is that it excludes the Queen's
Indian and Grünfeld Defences. Der Vorteil der weißen Zugreihenfolge besteht
darin, Damen- und Grünfeldindisch auszuschließen.} dxc4 5. Bg2 Bb4+ 6. Bd2 a5 {
I may not have been anticipating this variation, but the surprise was anything
but unpleasant, because White is able to choose between sacrificing a pawn for
the strategic initiative and aiming for a superior endgame.  Mit dieser
Variante hatte ich zwar nicht gerechnet, aber ich war alles Andere als
unangenehm überrascht, da sich Weiß aussuchen kann, ob er einen Bauern für die
strategische Initiative opfert oder ein besseres Endspiel anstrebt.} 7. Qc2 ({
There is the more ambitious, but also riskier, Anspruchsvoller aber auch
riskanter ist} 7. O-O) 7... Bxd2+ 8. Qxd2 (8. Nbxd2 b5 9. a4 c6 {allows Black
to hang on to the c4-pawn. erlaubt Schwarz den Bauern c4 zu halten.}) 8... c6
9. a4 (9. Ne5 b5 10. Nxc6 Qc7 {doesn't promise an advantage. verspricht keinen
Vorteil.}) 9... b5 10. axb5 cxb5 11. Qg5 $1 {The point of 8.Qxd2. Die Pointe
von 8.Qxd2.} O-O 12. Qxb5 Ba6 13. Qa4 ({After Nach} 13. Qxa5 Bb7 14. Qxd8 Rxa1
15. Qxf8+ (15. Qb6 $2 Rxb1+ 16. Kd2 c3+ 17. Kxc3 Nd5+) 15... Kxf8 16. O-O Ra2 {
and in no time at all too much material has been swapped off. wird in
Windeseile zu viel Material liquidiert.}) 13... Qb6 {Black must play actively
to compensate for his pawn weaknesses.  Schwarz muss aktiv spielen, um seine
Bauernschwächen zu kompensieren.} 14. O-O ({Once against Igor Khenkin, I
played Einmal spielte ich gegen Igor Khenkin} 14. Nbd2 {and when Igor then
began to think things over, I realised that, und als Igor damals anfing
nachzudenken, fiel mir auf, dass Schwarz nach} {and since then Kramnik has
demonstrated that after aber in der Zwischenzeit hat Kramnik höchstselbst
gezeigt, dass Schwarz nach} Bb5 (14... Qxb2 $2 15. Rb1 Qc3 (15... Bb5) 16. O-O
{Black can no longer save his queen and that I had mixed the moves up. seine
Dame nicht mehr retten kann und ich die Züge verwechselt hatte...} Nc6 17. Nxc4
) ({But in any case after Ich kam zwar nach} 14... Nc6 15. Nxc4 {etc. I had an
advantage. usw. in Vorteil,}) 15. Qa3 Nc6 16. O-O Rab8 {and then ...Nxd4
equalises. nebst ...Nxd4 ausgleicht.}) 14... Qxb2 15. Nbd2 Bb5 16. Nxc4 Bxa4
17. Nxb2 Bb5 18. Ne5 {All this has been well-known since the 1st game of the
WCh match in 2006 between Kramnik and Topalov and although Black's plan has
found other supporters since then, I believe that Black has a long struggle
facing him before he reaches a draw. The proud Catalan bishop on g2 disrupts
Black's coordination, so that the a5-pawn tends to become a weakness and White
has nice ourposts for his knights. All das ist seit der 1. Partie des
WM-Matches 2006 zwischen Kramnik und Topalov gut bekannt und obwohl die
schwarze Spielweise weitere Anhänger gefunden hat, glaube ich, dass Schwarz
ein langer Kampf um das Remis bevorsteht. Der stolze katalanische Läufer auf
g2 stört die schwarze Koordination, sodass der Bauer a5 zur Schwäche neigt und
Weiß genießt schöne Stützpunkte für seine Springer.} Ra6 $2 {Presumably
Radoslaw found variations in which ...Rd6 constitutes a useful resource;
however there the rook does provoke the unwelcome appearance of a knight on c5.
.. Vermutlich fand Radoslaw Varianten in denen ...Rd6 eine nützliche Ressource
darstellt, allerdings provoziert der Turm hier geradezu das ohnehin
unangenehme Auftauchen eines Springers auf c5...} (18... Ra7 {is better. ist
besser.}) 19. Nbd3 Nbd7 20. Rfb1 Nxe5 21. Nc5 $1 {Of course, I could hardly
turn down the invitation extended by the Ra6! Der vom Ra6 ausgesprochenen
Einladung konnte ich natürlich nicht widerstehen!} ({Apparently my opponent
was reckoning that after Offenbar rechnete mein Gegner damit, sich nach} 21.
dxe5 Bxd3 22. exd3 Nd7 {he would be able to relieve his position somewhat, but
here too White retains strong pressure after etwas entlasten zu können, aber
selbst hier behält Weiß nach} 23. d4 {. starken Druck.}) 21... Nc6 $1 {Still
the best chance. Noch die beste Chance.} (21... Ned7 22. Rxb5 Nxc5 23. dxc5 a4
24. Bb7 Ra7 25. Rb4 {would be hopeless. wäre hoffnungslos.}) 22. e3 $5 {
Narcissism! White appears to win a not very relevant tempo compared to 22.Bxc6.
.. Selbstverliebtheit! Weiß scheint ein wenig relevantes Tempo im Vergleich zu
22.Bxc6 zu gewinnen...} (22. Bxc6 $1 Rxc6 23. Rxb5 Re8 24. f4 $1 {leads to a
technically won position. führt zu einer technischen Gewinnstellung.} (24.
Rbxa5 e5)) (22. Nxa6 Nxd4 23. Rxa5 Nxe2+ 24. Kh1 {came into question of course,
but I doubt whether White's position after for example kam natürlich in Frage,
aber ich habe Zweifel, ob die weiße Stellung nach beispielsweise} Bxa6 25. Rxa6
Nc3 {and then ...Ncd5 is a winning one. nebst ...Ncd5 zu gewinnen ist.}) 22...
Rb6 23. Bxc6 Rfb8 $1 {...but at first I underestimated this idea. Since the
play is going to be on just one wing, Black prefers to play against a rook and
a bishop. ...doch diese Idee hatte ich zunächst unterschätzt. Da sich das
Spiel auf einen Flügel verlagert, spielt Schwarz lieber gegen Turm und Läufer.}
(23... Rxc6 24. Rxb5 Re8 25. f4 {was the plan after 22.e3. war bei 22.e3
geplant.}) 24. Bf3 a4 25. Nxa4 Bxa4 26. Rxb6 Rxb6 27. Rxa4 {White's plan
consists of fixing the black pawn chain by e4-e5 and then gaining more and
more space by advancing his other pawns. At the same time, White should only
exchange pawns if by doing so he makes substantial progress. Otherwise, there
is the rule of thumb that the exchange of pawns helps the defender who will
have fewer potential weaknesses to worry about. Der weiße Plan besteht darin,
mit e4-e5 die schwarze Bauernkette zu fixieren und dann durch Vorrücken der
anderen Bauern immer mehr Raum zu gewinnen. Gleichzeitig soll Weiß nur Bauern
tauschen, wenn er dadurch substanzielle Fortschritte erzielt. Sonst gilt die
Faustregel, dass der Abtausch von Bauern den Verteidiger begünstigt, der sich
um weniger potenzielle Schwächen kümmern muss.} g6 (27... g5 {is a move my
hand would play automatically and immediately, since a pawn exchange on f4 or
h4 would be welcome. würde meine Hand sofort ausführen, denn ein Bauerntausch
auf f4 oder h4 ist willkommen.}) 28. e4 Rb8 $2 {I think that this is where
Black crosses the line and defeat becomes inevitable. Ich denke die Linie zum
Verlust hat Schwarz hier überschritten.} ({After Mit} 28... e5 $1 29. dxe5 Nd7
{he could get rid of a pair of pawns, because after konnte er ein Bauernpaar
entfernen, denn nach} 30. Ra8+ Kg7 31. e6 Rxe6 (31... fxe6 32. Ra7 Rd6 33. e5)
32. Bg4 {Black has the strong resource hat Schwarz die starke Ressource} Nb6 $1
33. Bxe6 Nxa8 34. Bb3 g5 {and his drawing chances remain intact, since White
will have the wrong rook pawn. mit intakten Remischancen, da Weiß über den
falschen Randbauern verfügt.}) 29. e5 Nd7 30. Bc6 ({For a while I considered
Eine Weile beschäftigte mich} 30. Ra8 Rxa8 31. Bxa8 f6 32. f4 fxe5 33. fxe5 {
and I came to the impression that Black's position can be held, if he plays h6,
g5 and fends off the pentration by the white king with ...Ke7 or. ...Kg7. At
the same time, the black knight seems to have enough squares (d7, f8, h7, g6)
to avoid being caught in a zugzwang. und ich gewann den Eindruck, dass die
schwarze Stellung haltbar ist, wenn er sich mit h6, g5 aufbaut und das
Eindringen des weißen Königs durch ...Ke7 bzw. ...Kg7 abwehrt. Gleichzeitig
scheint der schwarze Springer genug Felder (d7, f8, h7, g6) zu haben, um nicht
in Zugzwang zu geraten.}) 30... Rd8 31. Rb4 {Though apparently totally
dominated, Black manages to find a new route for his knight. Schwarz erscheint
vollkommen dominiert, findet aber doch eine neue Route für seinen Springer.} g5
32. Kg2 $1 {I simply did not want to make any concession with f2-f4 and found
an original and strong plan: the king is on its way to h5! Ich wollte einfach
kein Zugeständis mit f2-f4 machen und fand einen orginellen und starken Plan,
der König ist auf dem Weg nach h5!} Nf8 33. Kf3 Ng6 34. Kg4 h6 35. Be4 Kg7 36.
Kh5 $1 Ne7 37. h4 {White has managed to impose his own conditions on the
exchange of pawns. Weiß hat es geschafft, den Bauerntausch nach "seinen
Bedingungen" durchzuführen.} gxh4 38. Kxh4 {The threat is now g4, f4, f5 and
wins. Es droht jetzt g4, f4, f5 mit Gewinn.} f5 $6 {Despair. Verzweiflung.} (
38... Nd5 39. Bxd5 Rxd5 40. f4 Kg6 (40... Ra5 41. g4 Ra1 42. f5) 41. g4 Rd8 42.
f5+ $1 exf5 43. Rb6+ Kg7 44. Rd6 $1 {wins. gewinnt.}) 39. Bf3 f4 40. g4 Rc8 41.
Be4 Rc1 {invites the pretty finish.  Lädt zu einem hübschen Finale ein.} 42.
Rb7 Kf8 43. g5 Re1 44. gxh6 Rxe4 45. h7 1-0

[Event "Metz op 30th"]
[Site "Metz"]
[Date "2012.04.23"]
[Round "2"]
[White "Sumets, Andrey"]
[Black "Colovic, Aleksandar"]
[Result "1/2-1/2"]
[WhiteElo "2587"]
[BlackElo "2436"]
[Annotator "Metz Alekhine/Primel,D"]
[PlyCount "25"]
[EventDate "2012.04.14"]
[EventType "swiss"]
[EventRounds "9"]
[EventCountry "FRA"]
[SourceTitle "EXT 2013"]
[Source "ChessBase"]
[SourceDate "2012.11.22"]
[SourceVersion "1"]
[SourceVersionDate "2012.11.22"]
[SourceQuality "1"]

1. d4 Nf6 2. c4 e6 3. Nf3 d5 4. g3 dxc4 5. Bg2 Bd7 6. Ne5 (6. O-O $143 Bc6)
6... Bc6 7. Nxc6 Nxc6 8. O-O Qd7 {[%cal Ge8c8]} 9. e3 Nd5 (9... O-O-O 10. Nd2
h5 11. Nxc4 h4 12. b4 Bxb4 13. Qb3 Nd5 14. Rb1 b6 15. a3 Be7 16. Bd2 hxg3 17.
hxg3 f5 18. Rfc1 Kb8 19. Qb5 Qe8 20. a4 Kb7 21. a5 Nb8 22. Qb3 b5 23. Qxb5+
Qxb5 24. Rxb5+ Ka8 25. Ne5 a6 26. Rb3 Rc8 27. Ng6 Rhe8 28. Nf4 c6 29. Nxe6 Rg8
30. Nxg7 Nxe3 31. Bxe3 Rxg7 32. d5 {1-0 (32) Grigoriants,S (2589)-Socko,B 
(2631) Khanty-Mansiysk 2012}) (9... Rb8 10. Qe2 b5 11. b3 cxb3 12. axb3 Rb6 13.
Bb2 $44) 10. Qe2 O-O-O $146 (10... Nb6 {[%cal Gb6c4]} 11. Nd2 Na5 {[%cal Ga5c4,
Gb6c4]} 12. Nf3 Bd6 13. Bd2 Nc6 14. Bc3 Ne7 15. e4 $44 c6 16. a4 O-O 17. a5
Nbc8 18. Qxc4 a6 19. Nd2 Na7 20. b4 Nb5 21. Bb2 Rad8 22. Nb3 Rfe8 23. Bh3 Ng6
24. f4 Qe7 25. Nc5 Nf8 26. Rae1 Kh8 27. Qe2 f6 28. Qf2 Qc7 29. e5 Bxc5 30. dxc5
f5 31. Rd1 Rxd1 32. Rxd1 Rd8 33. Rd6 Nxd6 34. exd6 Qf7 35. Be5 Nd7 36. Qd4 {
1/2-1/2 (36) Slipak,S (2360)-Adla,D (2335) Buenos Aires 1990}) 11. Nd2 h5 (
11... c3) 12. Nxc4 h4 13. a3 1/2-1/2

[Event "EU-ch (Women) 16th"]
[Site "Chakvi"]
[Date "2015.05.28"]
[Round "9"]
[White "Khotenashvili, Bela"]
[Black "Zhukova, Natalia"]
[Result "0-1"]
[WhiteElo "2527"]
[BlackElo "2456"]
[Annotator "Mikhalchishin,A"]
[PlyCount "90"]
[EventDate "2015.05.19"]
[EventType "swiss"]
[EventRounds "11"]
[EventCountry "GEO"]
[SourceTitle "CBM 167"]
[Source "ChessBase"]
[SourceDate "2015.07.13"]
[SourceVersion "1"]
[SourceVersionDate "2015.07.13"]
[SourceQuality "1"]
[WhiteClock "0:27:53"]
[BlackClock "0:26:29"]

{This was one of the decisive games of the Championship.} 1. d4 Nf6 2. c4 e6 3.
Nf3 d5 4. g3 a6 5. Bg2 dxc4 6. O-O b5 7. Ne5 Nd5 8. Nc3 Bb7 9. e4 Nxc3 10. bxc3
Nd7 11. f4 (11. Ng4 {is weaker:} c5 12. f4 cxd4 13. cxd4 Be7 14. Be3 f5 15. Nf2
Nf6 16. d5 exd5 17. exf5 O-O 18. g4 Ne4 19. Qc2 Bc5 20. Bxc5 Nxc5 {Gagare,S 
(2381)-Grover,S (2509)/Kolkata 2012, with a big advantage.}) 11... Be7 12. a4 (
{Or} 12. Rb1 Rb8 13. a4 Ba8 14. axb5 axb5 15. Qg4 O-O 16. f5 Nxe5 17. dxe5 exf5
18. Qxf5 Bc5+ 19. Kh1 Qe7 {Ruecker,B (2265)-Georgescu,T (2468)/Cappelle la
Grande 2014, White has absolutely no attacking chances.}) 12... O-O 13. Rb1
Nxe5 14. fxe5 Bc6 15. d5 ({Another option was} 15. Be3 Bg5 16. Bf2 Qe7 17. axb5
axb5 18. d5 Rad8 19. h4 Bh6 20. Qd4 exd5 21. exd5 Bxd5 22. Bxd5 c6 23. Qc5 Qxc5
24. Bxc5 Rxd5 25. Bxf8 Kxf8 26. Ra1 Rxe5 {with great compensation for the
exchange.}) 15... Bc5+ 16. Kh1 Bd7 17. axb5 axb5 18. Qh5 Ra2 (18... Qe8 {
was strong, preparing f7-f6.}) 19. Rf4 Be7 20. Be3 Bg5 21. Bd4 {A brave
exchange sacrifice.} (21. Rf2 {was possible:} Rxf2 22. Bxf2 Qe7 23. Bd4) 21...
Bxf4 22. gxf4 Qa8 ({Probably it was better to keep the queen closer to the
king:} 22... Qe7 23. f5 g6 {but Zhukova dreams about exchanges.}) 23. Rg1 Ra1
24. Bf1 Kh8 $2 ({The white attack could easily be stopped by} 24... g6) 25. f5
$2 ({A perpetual was easily achieved here with} 25. Rxg7 Rxf1+ 26. Kg2 Kxg7 27.
Qg5+) 25... Re1 26. Qh4 ({Once more} 26. Rxg7 {was possible:} Rxf1+ 27. Kg2)
26... Qa1 27. Qe7 $2 ({The last chance for a perpetual is missed. It is just
unclear how Khotenashvili did not see it. She is quite a strong enough player
to understand in this situation, that a draw is the dream for White here!} 27.
Rxg7) 27... Rg8 $1 28. Bg2 ({Even if it was losing, it was better to try} 28.
f6 h6 29. fxg7+ Kh7 30. Qxf7 Be8 31. Qf6 Qb1 $1) 28... Rxg1+ 29. Bxg1 Be8 30.
f6 gxf6 31. Qxf6+ Rg7 32. dxe6 (32. d6 {was no better:} cxd6 33. exd6 Qb2 34.
Bf3 Qc1 35. Bg2 Qd2 36. Bf3 Qe1 37. Bg2 Qe2) 32... Qb2 $1 33. Bf1 Qc2 (33...
Qxc3 {was not bad:} 34. exf7 Bxf7) 34. h3 Qxe4+ 35. Kh2 Qg6 {Zhukova usually
likes converting her advantage to the full point in endgames !} (35... Qe1 {
was possible:} 36. Qf4 Qxc3) 36. Bf2 Qxf6 37. exf6 Rg5 38. e7 Kg8 39. Bg2 Rf5
40. Bh4 b4 $1 {The white pieces are on the other flank, so this break is
natural.} 41. Kg3 b3 42. Be4 Re5 43. Bb1 Re1 44. Bf5 b2 45. Kg4 h5+ 0-1

[Event "Nalchik FIDE GP (Women)"]
[Site "Nalchik"]
[Date "2010.04.30"]
[Round "5"]
[White "Koneru, Humpy"]
[Black "Zhu, Chen"]
[Result "0-1"]
[WhiteElo "2622"]
[BlackElo "2476"]
[Annotator "Mikhalchishin,A"]
[PlyCount "50"]
[EventDate "2010.04.26"]
[EventType "tourn"]
[EventRounds "11"]
[EventCountry "RUS"]
[EventCategory "10"]
[SourceTitle "CBM 136"]
[Source "ChessBase"]
[SourceDate "2010.05.18"]
[SourceVersion "1"]
[SourceVersionDate "2010.05.18"]
[SourceQuality "1"]

1. d4 d5 2. c4 e6 3. Nf3 Nf6 4. g3 a6 5. Bg2 dxc4 6. O-O Nc6 7. e3 Bd7 ({
Not really correct is a similar way} 7... Rb8 8. Nfd2 e5 9. Bxc6+ bxc6 10. dxe5
Ng4 11. Nxc4 Be6 12. Nbd2 h5 13. f3 h4 14. fxg4 hxg3 15. Qf3 Qd3 16. b3 Rxh2
17. Qxg3 Rh6 18. Bb2 {Postny,E -Mikhalevski,A/Israel. and Black has no real
compensation for the piece.}) 8. Qe2 b5 9. Rd1 ({No less logical is the direct
central play} 9. Nc3 Bd6 10. e4 e5 11. dxe5 Nxe5 12. Nxe5 Bxe5 13. f4 Bd4+ 14.
Be3 c5 15. e5 Ng4 16. Bxd4 cxd4 17. e6 Bxe6 18. f5 dxc3 19. bxc3 Qb6+ 20. Kh1
O-O 21. fxe6 Qxe6 22. Qxe6 fxe6 23. Bxa8 Rxa8 24. a4 {Yevseev,D-Shalimov,V ,St
Petersburg. and Black's compensation for the exchange is not sufficient.}) 9...
Rb8 10. e4 (10. Nc3 {is the more natural and solid move.}) ({But there is even
a simple strategy, such as} 10. b3 cxb3 11. axb3 {which promises to White
solid ccompensation for the pawn.} Be7 12. Rxa6 Nb4 13. Ra7 Bc6 14. Nc3 Nbd5
15. Bd2 Nxc3 16. Bxc3 b4 17. Bb2 Bd5 18. Ne5 Bxg2 19. Kxg2 Qd5+ 20. f3 Qxb3 21.
e4 {1-0 Serov,M (2368)-Duzhakov,I (2267)/Peterhof RUS 2008/The Week in Chess
721}) ({But a very serious possibility seems to be a plan on the queenside:} 
10. a4 Bd6 11. axb5 axb5 12. b3 cxb3 13. Nbd2 e5 14. e4 O-O 15. d5 Ne7 16. Nxb3
Ng6 17. Qc2 Qe7 18. Na5 Ra8 19. Nd2 Ne8 20. Ra2 Bc5 21. Ndb3 Bb6 22. Be3 $1 {
Aronian,L-Doettling,F/Nancy 2004. with a quite serious initiative.}) 10... Be7
({It was possible to start with} 10... Nb4 {but the bishop move is a
developing one.}) 11. d5 ({Much more logical in this type of position is a
simple developing plan, tried a few times by the top specialist of this pawn
sacrifice Oleg Romanishin.} 11. Bf4 O-O 12. Nc3 Re8 13. Ne5 Rb6 14. h4 Qc8 15.
g4 Rf8 16. g5 Ne8 17. Nxd7 Qxd7 18. Be3 Nb4 19. f4 Nd3 20. e5 Rb8 21. Be4 c6
22. Qg2 Nb4 23. h5 Nc7 24. Qf3 Ncd5 25. Kh2 Nxc3 26. bxc3 Nd5 27. Bd2 b4 28.
Rac1 {Chadaev,N -Georgiev,K ,Budva 2009. with full compensation.}) ({Less
logical, but possible is} 11. Nc3 b4 12. Nb1 Na5 13. Bg5 Bb5 14. Qe1 Nd7 15.
Bd2 Ba4 16. b3 Bc6 17. bxc4 Nxc4 18. Rc1 Na5 19. Bf4 Bd6 20. d5 Ba8 21. e5 Be7
22. dxe6 fxe6 23. Nd4 Rb6 24. Bxa8 {1/2 Reefschlaeger,H (2313)-Zschaebitz,K 
(2099)/Bad Wiessee GER 2009}) 11... exd5 (11... Nb4 12. dxe6 fxe6 13. Ne5 Bd6
14. a3 Nd3 15. Nxd3 cxd3 16. Rxd3 e5 17. b4 Be6 {led to approximately equality.
}) 12. e5 $6 {Ambitious, but not the best decision.} (12. exd5 Nb4 13. Ne5 Bf5
14. a3 Bd3 (14... Nc2 $2 15. Nc6 $16) 15. Qf3 Be4 16. Qe2 Bd3 {was probably
leading to an amusing draw.}) 12... Ne4 (12... Ng4 13. h3 Nh6 14. Bxh6 gxh6 15.
Nc3 Be6 16. Ne1 Nb4 17. a3 Nd3 18. Nxd3 cxd3 19. Qxd3 c6 20. Ne2 {gave White
serious compensation for the pawn.}) 13. Rxd5 Nc5 14. Be3 (14. Nc3 {Other
ideas of development did not promise any advantage for White, just the
opposite.} Nb4 15. Rd1 O-O 16. Be3 Nbd3 17. Nd5 Bg4) 14... Nd3 15. Bh3 {
It is clear that Black will sacrifice a queen - such decisions are practically
automatic!} ({The strategy to get the pawn back} 15. Ne1 Nxe1 16. Qxe1 Nb4 17.
Rd2 Nd3 18. Qd1 O-O 19. Be4 Qc8 20. Bxd3 cxd3 21. Rxd3 Bg4 {led to position
with terrible holes on the white squares.}) 15... Bxh3 $1 16. Rxd8+ Rxd8 17.
Ng5 (17. Nc3 {was better, but after} h6 $1 {White has no counterplay.}) 17...
Bxg5 18. Bxg5 Rd5 19. Qe4 ({After defending the pawn} 19. Bf4 Nd4 20. Qe4 O-O
$1 {White fall into a beautiful mate.} 21. Qxd5 $2 Ne2+ 22. Kh1 Nxf2#) 19...
Ndb4 20. Nd2 Rxe5 21. Qh4 Be6 22. Nf3 Rd5 23. Bd2 Nc2 (23... O-O {was a bit
simpler.}) 24. Rd1 N6d4 25. Qe4 $2 ({Of course, it was necessary to continue} 
25. Nxd4 Rxd4 26. Qh5 O-O 27. Bf4 c5 {but from the positional point of view
White is lost.}) 25... f5 $1 {and White's queen is suddenly trapped in the
middle of the board. It is a very interesting coincidence that in this
tournament there were a lot of tragedies involving queens!} 0-1